Dhrupadi rajnaitik darshan/ (Record no. 11239)

MARC details
000 -LEADER
fixed length control field 00563nam a22002057a 4500
005 - DATE AND TIME OF LATEST TRANSACTION
control field 20260515114913.0
008 - FIXED-LENGTH DATA ELEMENTS--GENERAL INFORMATION
fixed length control field 211221b ||||| |||| 00| 0 eng d
020 ## - INTERNATIONAL STANDARD BOOK NUMBER
International Standard Book Number 9789391527075
040 ## - CATALOGING SOURCE
Original cataloging agency IN-DiNC
Transcribing agency IN-DiNC
041 ## - LANGUAGE CODE
Language code of sung or spoken text asm
082 ## - DEWEY DECIMAL CLASSIFICATION NUMBER
Classification number 320.5
Item number GOH
100 ## - MAIN ENTRY--PERSONAL NAME
Personal name Gohain, Nabin
Relator term author
245 ## - TITLE STATEMENT
Title Dhrupadi rajnaitik darshan/
Statement of responsibility, etc. by Nabin Gohain and Pankaj Borah
250 ## - EDITION STATEMENT
Edition statement 1st ed.
260 ## - PUBLICATION, DISTRIBUTION, ETC.
Place of publication, distribution, etc. Jorhat:
Name of publisher, distributor, etc. Bidyabhaban,
Date of publication, distribution, etc. 2021.
300 ## - PHYSICAL DESCRIPTION
Extent 336p.
650 ## - SUBJECT ADDED ENTRY--TOPICAL TERM
Topical term or geographic name entry element Classical political philosophy
700 ## - ADDED ENTRY--PERSONAL NAME
Personal name Borah, Pankaj
Relator term author
942 ## - ADDED ENTRY ELEMENTS (KOHA)
Source of classification or shelving scheme Dewey Decimal Classification
Koha item type Books
Holdings
Withdrawn status Lost status Source of classification or shelving scheme Damaged status Not for loan Collection Home library Current library Shelving location Date acquired Cost, normal purchase price Total checkouts Full call number Barcode Date last seen Date last checked out Copy number Price effective from Koha item type
    Dewey Decimal Classification       Naharkatiya College Library Naharkatiya College Library General stacks 12/21/2021 280.00 29 320.5 GOH 28765 12/06/2025 09/15/2025 1 12/21/2021 Books
    Dewey Decimal Classification       Naharkatiya College Library Naharkatiya College Library General stacks 12/21/2021 280.00 21 320.5 GOH 28766 08/05/2025 06/30/2025 2 12/21/2021 Books
    Dewey Decimal Classification       Naharkatiya College Library Naharkatiya College Library General stacks 12/21/2021 280.00 34 320.5 GOH 28764 12/01/2025 11/29/2025 3 12/21/2021 Books